[Event "ICS rated blitz match"]
[Site "207.99.83.227"]
[Date "1999.04.25"]
[Round "?"]
[White "lguimaraes"]
[Black "Hossa"]
[Result "1/2-1/2"]
[WhiteElo "1994"]
[BlackElo "2323"]
[PlyCount "83"]

1. e4 c5 2. Nf3 Nc6 3. d4 cxd4 4. Nxd4 e5 5. Nb5 a6 6. Nd6+ Bxd6 7. Qxd6 Qe7 8.
Qd1 Nf6 9. Nc3 d6 10. Bg5 Be6 11. Nd5 Bxd5 12. exd5 Nb8 13. Be2 Nbd7 14. c4 O-O
15. O-O Nc5 16. Rc1 a5 17. b3 Rae8 18. a3 a4 19. b4 Nb3 20. Rc3 e4 21. Rxb3
axb3 22. Qxb3 Qe5 23. Be3 Rc8 24. Rd1 Qf5 25. h3 Qg6 26. c5 Rfd8 27. Bb5 Qh5
28. c6 bxc6 29. Bxc6 Qh4 30. b5 Nd7 31. b6 Rb8 32. a4 Ne5 33. a5 f5 34. a6 f4
35. Bd4 Nf3+ 36. gxf3 Qxh3 37. Qc4 Qxf3 38. Qf1 Qg4+ 39. Kh1 Qf3+ 40. Kg1 Qg4+
41. Kh1 Qf3+ 42. Kg1 {Game drawn by repetition} 1/2-1/2

[Event "ICS rated blitz match"]
[Site "207.99.83.227"]
[Date "1999.04.25"]
[Round "?"]
[White "Hossa"]
[Black "lguimaraes"]
[Result "1-0"]
[WhiteElo "2311"]
[BlackElo "2006"]
[PlyCount "49"]

1. d4 Nf6 2. c4 g6 3. Nc3 Bg7 4. e4 d6 5. Be2 O-O 6. Bg5 h6 7. Be3 Nbd7 8. Qd2
Kh7 9. Nf3 e5 10. O-O c6 11. Rad1 Qc7 12. dxe5 dxe5 13. Nh4 Ng8 14. f4 Re8 15.
Nf3 Ne7 16. fxe5 Nxe5 17. Nxe5 Qxe5 18. Rxf7 Be6 19. Bd4 Bxf7 20. Bxe5 Bxe5 21.
Qd7 Kg7 22. Qxb7 Rab8 23. Qxa7 Rxb2 24. Qa5 Rc2 25. Qxe5+ {lguimaraes resigns}
1-0

[Event "ICS rated blitz match"]
[Site "207.99.83.227"]
[Date "1999.04.25"]
[Round "?"]
[White "lguimaraes"]
[Black "Hossa"]
[Result "0-1"]
[WhiteElo "2001"]
[BlackElo "2316"]
[PlyCount "120"]

1. e4 e6 2. d4 d5 3. e5 c5 4. Nf3 Bd7 5. Bd3 Nc6 6. O-O cxd4 7. a3 Bc5 8. Re1
Nge7 9. Bf4 Ng6 10. Bg3 O-O 11. b4 Bb6 12. Nbd2 Rc8 13. h4 Qe8 14. h5 Nge7 15.
Nf1 f6 16. h6 gxh6 17. N1h2 f5 18. Nh4 Qf7 19. Bf4 Ng6 20. g3 Nxf4 21. gxf4 a5
22. b5 Ne7 23. Kh1 Rc3 24. Rg1+ Kh8 25. Rg3 Rg8 26. Rxg8+ Nxg8 27. Qe2 a4 28.
Nf1 Bc5 29. Ng3 Qe7 30. Nf3 Qg7 31. Nh2 Qf8 32. Nh5 Bxa3 33. Rg1 Bb2 34. Rg7 a3
35. Rxd7 a2 36. Rxb7 a1=Q+ 37. Kg2 Ne7 38. Nf6 Qg7+ 39. Kh3 Qag1 40. Qf3 Q1g6
41. b6 Qf8 42. Ra7 Ra3 43. Rc7 Ra4 44. b7 Rb4 45. Nf1 Bc3 46. Ng3 Qgg7 47. Ngh5
Qgf7 48. Ba6 Rxb7 49. Bxb7 Ba5 50. Rd7 Bd2 51. Qa3 Be1 52. Kg2 d3 53. cxd3 d4
54. Qd6 Ba5 55. Qxd4 Qb8 56. Qc5 Bd8 57. Qd4 Bc7 58. Qc5 Qxb7+ 59. f3 Qg6+ 60.
Kh3 60... Qxf3+ {lguimaraes resigns} 0-1

[Event "ICS rated blitz match"]
[Site "207.99.83.227"]
[Date "1999.04.25"]
[Round "?"]
[White "Hossa"]
[Black "lguimaraes"]
[Result "1-0"]
[WhiteElo "2320"]
[BlackElo "1997"]
[PlyCount "55"]

1. Nf3 Nf6 2. d4 g6 3. Bf4 Bg7 4. e3 d6 5. Bb5+ c6 6. Be2 O-O 7. O-O Nbd7 8.
Nbd2 Re8 9. Nb3 e5 10. dxe5 dxe5 11. Nxe5 Ne4 12. Nxd7 Qxd7 13. Qxd7 Bxd7 14.
Rad1 Be6 15. Nd4 Bxd4 16. Rxd4 Bxa2 17. b3 Nc3 18. Bg4 b5 19. Rd6 c5 20. Bd7
Red8 21. Be5 Ne4 22. Rd5 c4 23. Bc6 Rac8 24. Rxd8+ Rxd8 25. Bxe4 cxb3 26. Bd4
bxc2 27. Bxc2 a5 28. Ra1 {lguimaraes resigns} 1-0

[Event "ICS rated blitz match"]
[Site "207.99.83.227"]
[Date "1999.04.25"]
[Round "?"]
[White "lguimaraes"]
[Black "Hossa"]
[Result "0-1"]
[WhiteElo "1993"]
[BlackElo "2324"]
[PlyCount "66"]

1. e4 c5 2. Nf3 Nc6 3. d4 cxd4 4. Nxd4 e5 5. Nb5 a6 6. Nd6+ Bxd6 7. Qxd6 Qe7 8.
Qd1 Nf6 9. Nc3 d6 10. Bg5 Be6 11. Nd5 Bxd5 12. exd5 Nb8 13. Be2 Nbd7 14. c4 O-O
15. O-O Nc5 16. Rc1 Rae8 17. b4 Nce4 18. Be3 Nd7 19. f3 Nef6 20. c5 Rc8 21. c6
Nb8 22. b5 axb5 23. Bxb5 Qc7 24. Qb3 bxc6 25. dxc6 d5 26. Bg5 Qb6+ 27. Kh1 d4
28. Rc2 Nxc6 29. Rfc1 Na5 30. Qb4 Ra8 31. a4 Qe6 32. Rc7 Nd5 33. Qd2 33... f6 {
lguimaraes resigns} 0-1

[Event "ICS rated blitz match"]
[Site "207.99.83.227"]
[Date "1999.04.25"]
[Round "?"]
[White "Hossa"]
[Black "lguimaraes"]
[Result "1-0"]
[WhiteElo "2328"]
[BlackElo "1989"]
[PlyCount "68"]

1. Nf3 c5 2. e4 Nc6 3. Nc3 Nf6 4. Bb5 Nd4 5. Ba4 b5 6. Nxb5 Nxb5 7. Bxb5 Nxe4
8. O-O Bb7 9. d3 Nd6 10. Ba4 e6 11. Ne5 Bc8 12. Bf4 Be7 13. Qf3 Rb8 14. Nxf7
Nxf7 15. Bxb8 O-O 16. Bf4 Qb6 17. Bb3 Bb7 18. Qg3 Nd6 19. Rae1 Nf5 20. Qg4 Rf6
21. Bg3 Qc6 22. Re4 Nd4 23. Qh5 Rg6 24. Kh1 d5 25. Rg4 Rxg4 26. Qxg4 Bf6 27.
Bh4 Bxh4 28. Qxh4 Nf5 29. Qd8+ Kf7 30. Rd1 c4 31. dxc4 d4 32. f3 Kg6 33. Re1
Ne3 34. Qxd4 34... Nxg2 {lguimaraes resigns} 1-0

[Event "ICS Rated blitz match"]
[Site "207.99.83.227"]
[Date "1999.04.25"]
[Round "?"]
[White "lguimaraes"]
[Black "Hossa"]
[Result "1-0"]
[WhiteElo "1985"]
[BlackElo "2332"]
[Annotator "Crafty v16.6"]
[PlyCount "118"]

{annotating for player Hossa using a scoring margin of +0.10 pawns. search
time limit is 10.00} 1. e4 1... c5 2. Nf3 Nc6 3. d4 cxd4 4. Nxd4 e5 5. Nb5 a6
6. Nd6+ Bxd6 7. Qxd6 Qe7 8. Qd1 Nf6 9. Nc3 d6 ({9:-0.76} 9... d6 10. Bg5 Be6
11. Bxf6 gxf6 12. Bd3 Na5 13. O-O Nc4 14. Rb1 $16) ({9:-0.30} 9... O-O 10. Bd3
Nb4 11. O-O Nxd3 12. cxd3 d6 13. Bg5 Be6 14. Rc1 $10) 10. Bg5 Be6 11. Nd5 Bxd5
12. exd5 Nb8 13. Be2 Nbd7 14. c4 O-O 15. O-O Rac8 16. b4 a5 17. a3 Nb6 18. Qb3
a4 19. Qa2 e4 20. Rac1 Qe5 21. Be3 Nfd7 22. Rfd1 Qe7 23. Rc2 Kh8 24. Rdc1 Qe5
25. g3 f5 26. Bf4 Qe7 27. Qb2 Qf6 28. Qxf6 Rxf6 29. f3 Rg6 30. fxe4 fxe4 31.
Bh5 Rf6 32. Bg4 Re8 33. Be6 Nf8 34. Bg4 Ng6 35. Bg5 Rff8 36. Be3 Ne5 37. Bxb6
Nxg4 38. c5 Nf6 39. cxd6 Nxd5 40. d7 Rb8 41. Bc7 Nxc7 42. Rxc7 Rbd8 43. Rc8 Kg8
44. Rxd8 Rxd8 45. Rc8 Kf7 46. Rxd8 Ke6 47. Rb8 Kxd7 48. Rxb7+ Kc6 49. Rxg7 h6
50. Kf2 Kd5 51. Rc7 Kd4 52. Ke2 Ke5 53. b5 Kd5 54. b6 Kd6 55. Ke3 h5 56. Kxe4
Ke6 57. Rh7 Kf6 58. b7 Kg6 59. b8=Q Kxh7 1-0

[Event "ICS rated blitz match"]
[Site "207.99.83.227"]
[Date "1999.04.25"]
[Round "?"]
[White "distracted"]
[Black "Hossa"]
[Result "0-1"]
[WhiteElo "2064"]
[BlackElo "2304"]
[PlyCount "50"]

1. e4 e6 2. d4 d5 3. Nd2 Bb4 4. c3 Be7 5. Ngf3 dxe4 6. Nxe4 Nd7 7. Bd3 Ngf6 8.
O-O Nxe4 9. Bxe4 Nf6 10. Bc2 O-O 11. Bg5 h6 12. Bxf6 Bxf6 13. Qd3 g6 14. Rfe1
Bg7 15. Ne5 Qg5 16. Re3 a5 17. Rg3 Qf6 18. Rf1 Ra7 19. f4 Qe7 20. Nxg6 fxg6 21.
Qxg6 Rf6 22. Qh7+ Kf8 23. f5 Ra6 24. Re1 Rf7 25. Rg6 25... Bxd4+ {
distracted resigns} 0-1

[Event "ICS rated blitz match"]
[Site "207.99.83.227"]
[Date "1999.04.25"]
[Round "?"]
[White "Hossa"]
[Black "GreatPatzer"]
[Result "1/2-1/2"]
[WhiteElo "2310"]
[BlackElo "2291"]
[PlyCount "57"]

1. e4 c5 2. Nf3 Nc6 3. d4 cxd4 4. Nxd4 Nf6 5. Nxc6 bxc6 6. Bd3 e5 7. Bg5 Rb8 8.
b3 Be7 9. O-O O-O 10. f4 h6 11. fxe5 hxg5 12. exf6 Bxf6 13. c3 Be5 14. Qh5 d6
15. Bc4 Be6 16. Bxe6 fxe6 17. Rxf8+ Kxf8 18. Na3 Bxc3 19. Rf1+ Bf6 20. Qxg5 Kg8
21. Qg3 Qb6+ 22. Kh1 Qd4 23. Qg4 Re8 24. Nc4 d5 25. Nd6 Re7 26. Nc8 Re8 27. Nd6
Re7 28. Nc8 Re8 29. Nd6 {Game drawn by repetition} 1/2-1/2

[Event "ICS rated blitz match"]
[Site "207.99.83.227"]
[Date "1999.04.25"]
[Round "?"]
[White "Hossa"]
[Black "Moontan"]
[Result "1-0"]
[WhiteElo "2309"]
[BlackElo "2104"]
[PlyCount "53"]

1. e4 c5 2. Nf3 d6 3. Nc3 Nf6 4. Bc4 e6 5. d4 cxd4 6. Nxd4 a6 7. O-O Be7 8. Bg5
O-O 9. Qf3 Nbd7 10. Bb3 Qc7 11. Qg3 b5 12. Bxe6 fxe6 13. Nxe6 Qc6 14. Nxf8 Bxf8
15. Bxf6 Nxf6 16. Qd3 Bb7 17. f3 Rc8 18. Rf2 Nd7 19. a4 Ne5 20. Qd2 Nc4 21.
axb5 axb5 22. Qg5 b4 23. Nd5 Nxb2 24. Rb1 Nc4 25. Rxb4 Ne5 26. Rb6 Qd7 27. Nf6+
{Moontan resigns} 1-0

[Event "ICS rated blitz match"]
[Site "207.99.83.227"]
[Date "1999.04.25"]
[Round "?"]
[White "crackwhore"]
[Black "Hossa"]
[Result "0-1"]
[WhiteElo "2067"]
[BlackElo "2317"]
[PlyCount "46"]

1. d4 d5 2. c4 dxc4 3. Nf3 e6 4. e3 b5 5. a4 c6 6. b3 Bb4+ 7. Bd2 Bxd2+ 8. Qxd2
cxb3 9. axb5 Bd7 10. Nc3 cxb5 11. Nxb5 Bc6 12. Qb4 Bxf3 13. gxf3 Ne7 14. Nd6+
Kf8 15. Ne4 e5 16. dxe5 Nbc6 17. Qxb3 Nxe5 18. Be2 h5 19. O-O Rh6 20. Rfd1 Rg6+
21. Kh1 Qc8 22. Nd6 Qh3 23. Rg1 23... Rxd6 {crackwhore resigns} 0-1

[Event "ICS rated blitz match"]
[Site "207.99.83.227"]
[Date "1999.04.25"]
[Round "?"]
[White "Hossa"]
[Black "crackwhore"]
[Result "1-0"]
[WhiteElo "2322"]
[BlackElo "2062"]
[PlyCount "55"]

1. d4 Nf6 2. Nf3 c5 3. dxc5 Na6 4. e4 Nxc5 5. e5 Nfe4 6. b4 Ne6 7. Bd3 f5 8.
O-O d5 9. c4 g6 10. cxd5 Qxd5 11. Na3 Bd7 12. Be3 Bg7 13. Bb5 Qxd1 14. Raxd1
Bxb5 15. Nxb5 a6 16. Nfd4 Nxd4 17. Nc7+ Kf7 18. Bxd4 Rac8 19. e6+ Kf8 20. Bxg7+
Kxg7 21. Rd7 Kf6 22. Rc1 Rcd8 23. f3 Ng5 24. Re1 Rxd7 25. exd7 e5 26. f4 Ne4
27. fxe5+ Kxe5 28. Ne8 {crackwhore resigns} 1-0

[Event "ICS rated blitz match"]
[Site "207.99.83.227"]
[Date "1999.04.25"]
[Round "?"]
[White "crackwhore"]
[Black "Hossa"]
[Result "0-1"]
[WhiteElo "2058"]
[BlackElo "2327"]
[PlyCount "74"]

1. d4 Nf6 2. c4 e6 3. g3 d5 4. Bg2 dxc4 5. Qa4+ Nbd7 6. Nf3 c5 7. O-O cxd4 8.
Nxd4 e5 9. Nc2 Qc7 10. Nba3 Bxa3 11. Nxa3 O-O 12. Qxc4 Qd6 13. Be3 e4 14. Rfd1
Qe7 15. Rd2 Ne5 16. Qc5 Qe6 17. h3 b6 18. Qd6 Qxd6 19. Rxd6 Be6 20. Bd4 Ned7
21. Bc3 Rac8 22. Nb5 Ne8 23. Rd4 a6 24. Nd6 Nxd6 25. Rxd6 Rc7 26. Kh2 Re8 27.
Bxe4 Bxh3 28. Bd3 Be6 29. Bxa6 Rc5 30. Rad1 Rh5+ 31. Kg1 Nc5 32. Bb5 Rf8 33.
Rd8 Bxa2 34. Rxf8+ Kxf8 35. Rd8+ Ke7 36. Re8+ Kd6 37. Bxg7 37... Ne6 {
crackwhore resigns} 0-1

[Event "ICS rated blitz match"]
[Site "207.99.83.227"]
[Date "1999.04.25"]
[Round "?"]
[White "Hossa"]
[Black "RichardF"]
[Result "0-1"]
[WhiteElo "2332"]
[BlackElo "2101"]
[Annotator "Crafty v16.6"]
[PlyCount "78"]

{annotating for player Hossa using a scoring margin of +0.10 pawns. search
time limit is 10.00} 1. Nf3 1... Nf6 2. d4 d5 3. Bf4 ({8:-0.28} 3. Bf4 3... Nh5
4. Bd2 Nc6 5. Nc3 Bf5 6. Nb5 6... Be4 $10) ({8:-0.13} 3. e3 3... e6 4. Bb5+ Bd7
5. Bxd7+ Nfxd7 6. c4 dxc4 7. Qa4 Nc6 8. Qxc4 $10) 3... c5 4. dxc5 e6 5. b4 a5
6. Bxb8 ({7:+0.00} 6. Bxb8 6... Rxb8 7. c3 Be7 8. Nbd2 O-O 9. Rb1 Bd7 10. bxa5
$10) ({7:+0.36} 6. Nd4 6... Be7 7. Nb5 O-O 8. Nc7 Ra7 9. Nxd5 Nxd5 10. Bxb8 $14
) 6... Rxb8 7. c3 Bd7 8. a3 ({8:-0.06} 8. a3 8... Be7 9. e3 O-O 10. Bd3 a4 11.
O-O 11... Ng4 $10) ({8:+0.16} 8. Ne5 8... Be7 9. e3 O-O 10. Bd3 axb4 11. Nxd7
Qxd7 12. cxb4 $10) 8... b6 9. cxb6 Qxb6 10. e3 ({8:+0.46} 10. e3 10... Ra8 11.
Nbd2 Qc7 12. Rc1 Bd6 13. c4 13... Rc8 $14) ({8:+0.59} 10. Ne5 10... Bd6 11.
Nxd7 Nxd7 12. Qa4 axb4 13. cxb4 Qd4 14. Ra2 14... Bf4 $14) 10... Bd6 11. Bd3 ({
8:+0.43} 11. Bd3 11... Ra8 12. Nbd2 e5 13. Nb3 a4 14. Nbd2 14... O-O $14) ({
8:+0.55} 11. Be2 11... Ra8 12. Nbd2 Qc6 13. Rc1 O-O 14. O-O 14... Ng4 $14)
11... e5 12. Ng5 ({8:+0.16} 12. Ng5 12... Ra8 13. Nd2 Qc7 14. Qb3 e4 15. Bb1
15... Rb8 $10) ({8:+0.57} 12. Be2 12... e4 13. Nd4 Qc7 14. bxa5 O-O 15. a6
15... Rb2 $14) 12... h6 13. Nh3 O-O 14. O-O Rfc8 15. Ra2 Ra8 16. bxa5 Rxa5 17.
Bc2 Bxh3 18. gxh3 e4 19. Qd2 Qb8 20. f3 Qb6 21. fxe4 Bc5 22. Qg2 Bxe3+ 23. Kh1
dxe4 24. Bxe4 Rg5 25. Qf3 Nxe4 26. Qxe4 Qf6 27. Re1 Re5 28. Qg4 Rce8 29. Rg2
Bc5 30. Rxe5 Rxe5 31. Qg3 Qf1+ 32. Rg1 Bxg1 33. Nd2 Qd1 34. Qf3 Qxd2 35. Qa8+
Kh7 36. Qg2 Bf2 37. Qb7 Re1+ 38. Kg2 Rg1+ 39. Kf3 Qe3# 0-1

[Event "ICS rated blitz match"]
[Site "207.99.83.227"]
[Date "1999.04.25"]
[Round "?"]
[White "Hossa"]
[Black "grobkiller"]
[Result "1-0"]
[WhiteElo "2307"]
[BlackElo "2200"]
[PlyCount "41"]

1. e4 e6 2. Nf3 d5 3. exd5 exd5 4. Bb5+ c6 5. Be2 Bd6 6. O-O Ne7 7. d4 O-O 8.
Re1 Bf5 9. Bg5 f6 10. Bh4 Nd7 11. Bg3 Bxg3 12. fxg3 Re8 13. Nh4 Nf8 14. Bh5 Bg6
15. Nd2 Qd7 16. Qf3 Bxh5 17. Qxh5 Nfg6 18. Rf1 Nxh4 19. Qxh4 Ng6 20. Qh5 Re2
21. Qxe2 {grobkiller resigns} 1-0

[Event "ICS rated blitz match"]
[Site "207.99.83.227"]
[Date "1999.04.25"]
[Round "?"]
[White "P4L"]
[Black "Hossa"]
[Result "0-1"]
[WhiteElo "1920"]
[BlackElo "2318"]
[PlyCount "48"]

1. d4 Nf6 2. c3 d5 3. Nf3 e6 4. Bg5 Bd6 5. e3 Nbd7 6. Bd3 e5 7. dxe5 Nxe5 8.
Nxe5 Bxe5 9. Nd2 O-O 10. O-O Be6 11. Nf3 Bd6 12. Qc2 h6 13. Bh4 Bg4 14. Nd4 c5
15. Nf5 Bxf5 16. Bxf5 Qe7 17. Rad1 Qe5 18. Bg3 Qe7 19. Bxd6 Qxd6 20. c4 d4 21.
exd4 cxd4 22. c5 Qd5 23. b4 Rfe8 24. Rd3 24... Qxf5 {P4L resigns} 0-1

[Event "ICS rated blitz match"]
[Site "207.99.83.227"]
[Date "1999.04.25"]
[Round "?"]
[White "Hossa"]
[Black "MrGambit456"]
[Result "1/2-1/2"]
[WhiteElo "2327"]
[BlackElo "2181"]
[PlyCount "50"]

1. d4 Nf6 2. Nf3 c5 3. dxc5 Na6 4. e4 Nxe4 5. Bxa6 Qa5+ 6. Nbd2 Nxd2 7. Bxd2
Qxa6 8. Ng5 h6 9. Ne4 Qc4 10. Qe2 Qxe2+ 11. Kxe2 b6 12. cxb6 Ba6+ 13. Kf3 Bb7
14. Kf4 axb6 15. Rhe1 e6 16. Kg3 d5 17. Nc3 Bc5 18. Nb5 Rc8 19. Bf4 Be7 20. c3
Rc4 21. Be3 Rc6 22. Na7 Rd6 23. Nb5 Rc6 24. Na7 Rd6 25. Nb5 25... Rc6 {
Game drawn by repetition} 1/2-1/2

[Event "ICS rated blitz match"]
[Site "207.99.83.227"]
[Date "1999.04.25"]
[Round "?"]
[White "MrGambit456"]
[Black "Hossa"]
[Result "1-0"]
[WhiteElo "2187"]
[BlackElo "2321"]
[Annotator "Crafty v16.6"]
[PlyCount "55"]

{annotating for player Hossa using a scoring margin of +0.10 pawns. search
time limit is 10.00} 1. e4 1... e6 2. d4 d5 3. Nc3 Nf6 ({8:-0.57} 3... Nf6 4.
e5 Ne4 5. Nxe4 dxe4 6. Bc4 Nd7 7. Ne2 7... Be7 $14) ({8:-0.15} 3... dxe4 4.
Nxe4 Qd5 5. Qd3 Nc6 6. Nf3 Nb4 7. Qb5+ Bd7 8. Qxd5 8... Nxd5 $10) 4. e5 Nfd7 5.
f4 Bb4 6. Qh5 c5 7. Nf3 Nc6 8. Bd2 cxd4 9. Nb5 Bxd2+ 10. Nxd2 O-O 11. Bd3 f5 ({
8:+0.19} 11... f5 12. Nb3 Qb6 13. O-O Nc5 14. Nd6 Ne7 15. Nxc5 15... Qxc5 $10)
({8:+0.76} 11... g6 12. Qh6 Qb6 13. Nb3 a6 14. Nd6 Qb4+ 15. Kf2 15... Nc5 $17)
12. Nb3 a6 13. Nd6 Nc5 14. O-O-O Nxb3+ 15. cxb3 Qa5 16. Kb1 Nb4 17. a3 Nc6 18.
g4 g6 19. Qh6 fxg4 20. Bxg6 Qc7 21. Ne8 Qd7 22. Rhg1 hxg6 23. Qxg6+ Kh8 24.
Rxg4 Qh7 25. Qxh7+ Kxh7 26. Rd3 Rf6 27. Nxf6+ Kh6 28. Rh3# 1-0

[Event "ICS rated blitz match"]
[Site "207.99.83.227"]
[Date "1999.04.25"]
[Round "?"]
[White "Hossa"]
[Black "Brookie"]
[Result "1-0"]
[WhiteElo "2299"]
[BlackElo "2012"]
[PlyCount "55"]

1. e4 e5 2. Nf3 Nc6 3. Bb5 a6 4. Ba4 d6 5. d4 b5 6. d5 Na5 7. Bb3 Nxb3 8. axb3
Be7 9. Nc3 f5 10. exf5 Bxf5 11. O-O Nh6 12. Bxh6 gxh6 13. Nd2 Bg5 14. Re1 O-O
15. Nde4 Kh8 16. Qh5 Qe8 17. Qxe8 Raxe8 18. Rxa6 b4 19. Nd1 Re7 20. Ra4 Bxe4
21. Rxe4 Bf4 22. Rexb4 h5 23. Ra7 h4 24. Rbb7 Rff7 25. Nc3 h3 26. Nb5 hxg2 27.
Rxc7 Rg7 28. Ra8+ {Brookie resigns} 1-0

[Event "ICS rated blitz match"]
[Site "207.99.83.227"]
[Date "1999.04.25"]
[Round "?"]
[White "saknight"]
[Black "Hossa"]
[Result "0-1"]
[WhiteElo "2047"]
[BlackElo "2304"]
[PlyCount "44"]

1. e4 c6 2. d4 d5 3. e5 Bf5 4. g4 Be4 5. f3 Bg6 6. h4 f6 7. e6 Qd6 8. Qe2 h5 9.
g5 Qg3+ 10. Kd1 Na6 11. Nh3 Nb4 12. Na3 O-O-O 13. Bf4 Qxh4 14. Bg2 fxg5 15.
Bxg5 Qxd4+ 16. Kc1 Qc5 17. Nf4 d4 18. Nxg6 Qxg5+ 19. Qd2 Qxg6 20. Qxb4 Qxg2 21.
Rd1 Qxf3 22. Nc4 22... g6 {saknight resigns} 0-1

[Event "ICS rated blitz match"]
[Site "207.99.83.227"]
[Date "1999.04.25"]
[Round "?"]
[White "Hossa"]
[Black "jimy"]
[Result "1-0"]
[WhiteElo "2310"]
[BlackElo "2021"]
[PlyCount "87"]

1. Nf3 g6 2. e4 Bg7 3. d4 d6 4. Nc3 Nc6 5. d5 Ne5 6. Nxe5 Bxe5 7. Bd3 e6 8. O-O
exd5 9. exd5 Ne7 10. Bh6 Nf5 11. Bxf5 Bxf5 12. f4 Bf6 13. Rb1 Kd7 14. g4 Bxc3
15. bxc3 Qh4 16. gxf5 Qxh6 17. Rxb7 gxf5 18. Qd3 Qg6+ 19. Kh1 Rhg8 20. Qe2 Rae8
21. Qf2 Re4 22. Rxa7 Rxf4 23. Qe2 Re4 24. Qf2 f4 25. Ra3 Re3 26. Ra4 f3 27. Ra1
Rxc3 28. Rf4 f5 29. Rxf3 Rxf3 30. Qxf3 f4 31. c3 h5 32. a4 h4 33. a5 h3 34.
Qxh3+ Kd8 35. Qf3 Kc8 36. a6 Kb8 37. a7+ Ka8 38. Qe2 Qf5 39. Qc4 Qd7 40. Rb1 c5
41. dxc6 Qg4 42. Qd5 f3 43. c7+ Kxa7 44. Qa5# {jimy checkmated} 1-0

[Event "ICS rated blitz match"]
[Site "207.99.83.227"]
[Date "1999.04.25"]
[Round "?"]
[White "corkscrew"]
[Black "Hossa"]
[Result "0-1"]
[WhiteElo "1918"]
[BlackElo "2315"]
[PlyCount "52"]

1. d4 d5 2. c4 dxc4 3. Nc3 e5 4. d5 Bd7 5. e4 b5 6. a3 Nf6 7. Nf3 Bd6 8. Be2 c6
9. O-O cxd5 10. exd5 Qc7 11. Qc2 O-O 12. Bg5 Ng4 13. Ne4 f6 14. Bh4 Bf5 15.
Nfd2 Nd7 16. f3 Bc5+ 17. Kh1 Ne3 18. Qc1 Nxf1 19. Qxf1 Bd4 20. Qc1 Nb6 21. d6
Qd7 22. g4 Bg6 23. Rb1 a6 24. b3 c3 25. Nf1 Qxg4 26. fxg4 26... Bxe4+ {
corkscrew resigns} 0-1

[Event "ICS rated blitz match"]
[Site "207.99.83.227"]
[Date "1999.04.26"]
[Round "?"]
[White "Hossa"]
[Black "Frisco"]
[Result "1-0"]
[WhiteElo "2318"]
[BlackElo "1957"]
[PlyCount "35"]

1. Nf3 g6 2. e4 Bg7 3. d4 d6 4. Nc3 Bg4 5. Bc4 Nf6 6. e5 dxe5 7. Bxf7+ Kxf7 8.
Nxe5+ Kg8 9. Nxg4 Nxg4 10. Qxg4 Bxd4 11. Bh6 Bg7 12. Qe6+ Kf8 13. Rd1 Qe8 14.
Qe5 Bxh6 15. Qxh8+ Kf7 16. Qxh7+ Bg7 17. Rd3 Nd7 18. Rg3 {Frisco resigns} 1-0

[Event "ICS rated blitz match"]
[Site "207.99.83.227"]
[Date "1999.04.26"]
[Round "?"]
[White "Dundee"]
[Black "Hossa"]
[Result "0-1"]
[WhiteElo "1983"]
[BlackElo "2322"]
[PlyCount "34"]

1. e4 c6 2. d4 d5 3. e5 Bf5 4. h4 e6 5. g4 Bg6 6. h5 Be4 7. f3 Bb4+ 8. Bd2 Qb6
9. fxe4 Qxd4 10. Bxb4 Qxe4+ 11. Ne2 Qxh1 12. Qd4 Qh4+ 13. Qf2 Qxg4 14. Qc5 Qh4+
15. Kd1 Nh6 16. Nd2 Na6 17. Qd6 17... Nf5 {Dundee resigns} 0-1

[Event "ICS rated blitz match"]
[Site "207.99.83.227"]
[Date "1999.04.26"]
[Round "?"]
[White "Champi"]
[Black "Hossa"]
[Result "0-1"]
[WhiteElo "2240"]
[BlackElo "2339"]
[PlyCount "72"]

1. d4 Nf6 2. Nf3 e6 3. Bg5 Be7 4. e3 c5 5. c3 cxd4 6. exd4 O-O 7. Bd3 d5 8.
Nbd2 Nbd7 9. Ne5 Rb8 10. f4 Qb6 11. Rb1 h6 12. Bh4 Bd6 13. Ndf3 Qa5 14. a3 Ne4
15. O-O Ndf6 16. Qe2 Bc7 17. Rfd1 Ra8 18. Bc2 b6 19. Bd3 Qa4 20. Bc2 Qe8 21.
Qd3 Bb7 22. Nd2 Nxd2 23. Rxd2 Ne4 24. Re2 f6 25. Nf3 Bxf4 26. Rf1 Qg6 27. Kh1
a5 28. b4 Rfc8 29. Nd2 Bxd2 30. Rxd2 Qg4 31. Be1 axb4 32. cxb4 Ba6 33. b5 Nxd2
34. Bxd2 Bxb5 35. Qh7+ Kf7 36. Rc1 36... Ba4 {Champi resigns} 0-1

[Event "ICS rated blitz match"]
[Site "207.99.83.227"]
[Date "1999.04.26"]
[Round "?"]
[White "SABINAH"]
[Black "Hossa"]
[Result "0-1"]
[WhiteElo "2099"]
[BlackElo "2351"]
[PlyCount "36"]

1. e4 e6 2. d4 d5 3. Nc3 dxe4 4. Nxe4 Qd5 5. Nc3 Bb4 6. Nf3 Ne7 7. Bd3 Nbc6 8.
O-O Bxc3 9. bxc3 O-O 10. Re1 Qa5 11. Bd2 Nd5 12. c4 Nc3 13. Qc1 e5 14. dxe5 Rd8
15. Qb2 Na4 16. Bxa5 Nxb2 17. Bxc7 Nxd3 18. Bxd8 18... Nxe1 {SABINAH resigns}
0-1

[Event "ICS rated blitz match"]
[Site "207.99.83.227"]
[Date "1999.04.26"]
[Round "?"]
[White "Hossa"]
[Black "MrGambit456"]
[Result "0-1"]
[WhiteElo "2357"]
[BlackElo "2236"]
[Annotator "Crafty v16.6"]
[PlyCount "87"]

{annotating for player Hossa using a scoring margin of +0.10 pawns. search
time limit is 10.00} 1. e4 1... e5 2. Nf3 Nc6 3. Bb5 a6 4. Ba4 ({9:-0.15} 4.
Ba4 4... Bc5 5. O-O Nge7 6. c3 O-O 7. d4 Bd6 8. Bg5 $10) ({9:+0.11} 4. Bxc6
4... dxc6 5. Nc3 Qd6 6. d4 exd4 7. Nxd4 c5 8. Nf5 Qxd1+ 9. Kxd1 Ne7 10. Re1 $10
) 4... Nf6 5. d3 d6 6. O-O b5 7. Bb3 Be7 8. Bg5 ({8:-0.17} 8. Bg5 8... O-O 9.
a4 b4 10. c3 Ng4 11. Qd2 Bxg5 12. Nxg5 $10) ({8:+0.00} 8. a4 8... b4 9. c3 O-O
10. Bd5 Nxd5 11. exd5 Na5 12. cxb4 $10) 8... O-O 9. Nc3 ({8:-0.21} 9. Nc3 9...
Bg4 10. Bxf6 Bxf6 11. Bd5 Bd7 12. d4 exd4 13. Bxc6 Bxc6 14. Nxd4 $10) ({8:-0.02
} 9. a4 9... b4 10. c3 bxc3 11. Nxc3 Na5 12. Bxf6 Bxf6 13. Bd5 13... Rb8 $10)
9... Na5 10. d4 exd4 11. Qxd4 c5 12. Qd2 ({9:-2.23} 12. Qd2 12... c4 13. Nd5
Nxd5 14. Qxd5 Ra7 15. Rfd1 cxb3 16. axb3 16... Nb7 $19) ({9:-1.01} 12. Qe3
12... c4 13. e5 dxe5 14. Rad1 Qe8 15. Bxf6 Bxf6 16. Qe4 cxb3 17. Qxa8 17...
bxc2 $17) 12... c4 13. Nd5 Nxd5 14. Qxd5 Bb7 15. Qf5 Bxe4 16. Bxe7 Qxe7 17. Qg4
Bxf3 18. Qxf3 Rfe8 19. Qc3 Qd8 20. Rfd1 Rc8 21. Qd2 Re6 22. Re1 Rc5 23. Rxe6
fxe6 24. Qe1 e5 25. Qd2 Qc7 26. Qd1 cxb3 27. cxb3 Nc6 28. Rc1 Nd4 29. Rxc5 Qxc5
30. Kf1 Qc2 31. Qxc2 Nxc2 32. Ke2 d5 33. Kd2 Nd4 34. Kc3 Kf7 35. Kb4 Ne2 36. a4
d4 37. Ka5 d3 38. Kxa6 bxa4 39. bxa4 d2 40. b4 d1=Q 41. a5 Qd6+ 42. Kb5 Nd4+
43. Kc4 Qc6+ 44. Kd3 0-1